|
|
|
|
| LEADER |
00000nab a2200000ua 4500 |
| 001 |
vtls010773564 |
| 003 |
SK-MaSNL |
| 005 |
20260303151826.0 |
| 008 |
230222s1954 xo |||||||||||||||||slo| |
| 035 |
|
|
|a (urnnbn)urn:nbn:sk:snk:ar-a006c7
|
| 035 |
|
|
|a (uuid)25622933-59c2-43ee-9210-9e24b8bad5a4
|
| 035 |
|
|
|a urn:nbn:sk:snk-ab456m
|
| 040 |
|
|
|a SNKBUCL
|b slo
|c SNKBUCL
|e AACR2
|
| 041 |
0 |
|
|a slo
|
| 044 |
|
|
|a xo
|c SK
|
| 100 |
1 |
|
|a Brťka, Juraj,
|d 1912-1997
|4 aut
|9 159368
|
| 245 |
1 |
0 |
|a Výchova k čestnosti a pravdovravnosti
|c Juraj Brťka
|
| 773 |
0 |
|
|t Rodina a škola
|g Roč. 1, č. 1 (1954), s. 23-26
|
| 954 |
|
|
|a odborná, vedecká literatúra pôvodná (slovenská)
|2 lita
|
| 958 |
|
|
|a OND
|
| 958 |
|
|
|a EUIPO
|
| 958 |
|
|
|a article3
|
| 999 |
|
|
|c 2019944
|d 2021874
|